Capitali per altitudine - Oceania - Statistics

Statistiche generali
  • Questo quiz è stato fatto 5 volte
  • Il punteggio medio è 3 su 5
Statistiche sulle risposte
Altitudine (m) Nazione % Corretto
605 Canberra
100%
29 Honiara
80%
39 Port Moresby
80%
72 Ngerulmud
60%
207 Palikir
20%
Nessun quiz corrispondente trovato
Distribuzione punteggi
Percentuale di utenti per punteggio
Percentile per numero di risposta
I tuoi punteggi nel tempo
Non hai fatto questo quiz